000 00729nam a22002890a 4500
001 PT55136
003 AR-LpoUNG
005 20210131231652.0
008 191001s2014||||ag |||||||||||||||||spa d
020 _a9789508042088
_c$
040 _aAR-LpoUNG
_bspa
_cAR-LpoUNG
_eaacr
041 _aspa
044 _aag
082 0 _aA861 634cru
100 1 _aFlores, Jorge Alejandro
245 1 0 _aAl cruzar el río Salado
250 _a1ra. ed.
260 _aBuenos Aires :
_bÚltimo reino,
_c2014.
300 _a56 p. :
_btbls., gráfs., fot. + Cd-Rom
650 4 _aARGENTINA
650 4 _aLITERATURA
650 4 _aPOESIA
651 4 _aArgentina
653 _aLITERATURA ARGENTINA
905 _a55136
942 _cLSALA
999 _c11337
_d11337